000
00320nam a22001337a 4500
003
OSt
005
20241113095430.0
020
_a
9789353949297
040
_c
Pearson
082
_a
530
245
_a
University Physics
_b
: With Modern Physics
_c
by Young, Hugh D./ Freedman, Roger A.
260
_b
Pearson
942
_2
ddc
_c
BOOKS
999
_c
3385
_d
3385